Ewige Tabelle der 3. Fußball-Bundesliga - Statistiken

Allgemein
  • Dieses Quiz wurde 1.773 mal gespielt
    1.279 seit der letzten Aktualisierung
  • Das Durchschnittsergebnis liegt bei 45 aus 66
Antwortstatistiken
Pl. Spiele Punkte Club % Korrekt
10 228 374 SG Dynamo Dresden
91%
32 188 214 Borussia Dortmund II
89%
29 150 232 TSV 1860 München
88%
27 190 245 FC Bayern München II
87%
49 38 79 RB Leipzig
86%
3 380 552 FC Hansa Rostock
84%
30 190 228 SV Stuttgarter Kickers
84%
11 304 369 VfB Stuttgart II
84%
18 226 302 1. FC Saarbrücken
83%
61 38 26 Alemannia Aachen
82%
64 0 0 Rot Weiß Essen
82%
33 150 214 1. FC Kaiserslautern
81%
50 38 78 1. FC Union Berlin
81%
35 114 200 DSC Arminia Bielefeld
81%
23 190 265 Holstein Kiel
81%
2 378 585 VfL Osnabrück
81%
41 112 147 FC Viktoria Köln
80%
28 190 234 SC Fortuna Köln
80%
54 36 47 SC Freiburg II
80%
39 112 168 SV Waldhof Mannheim
80%
9 226 378 1. FC Magdeburg
79%
1 454 656 SV Wehen Wiesbaden
79%
12 226 365 Eintracht Braunschweig
78%
36 114 198 FC Ingolstadt 04
78%
14 226 338 MSV Duisburg
78%
42 114 142 FC Energie Cottbus
77%
7 342 473 SC Preußen Münster
76%
17 266 305 FC Carl Zeiss Jena
75%
6 380 478 FC Rot-Weiss Erfurt
74%
5 378 502 Hallescher FC
74%
37 114 195 SC Paderborn
74%
13 266 347 SSV Jahn Regensburg
73%
24 266 264 SV Werder Bremen II
73%
38 114 186 FC Erzgebirge Aue
72%
51 38 69 Fortuna Düsseldorf
72%
56 38 40 SV Elversberg
72%
62 38 25 FSV Frankfurt
71%
4 418 524 SpVgg Unterhaching
71%
15 190 321 1. FC Heidenheim
70%
59 36 37 FC Viktoria 1889 Berlin
70%
31 114 219 Karlsruher SC
70%
40 114 159 SV Darmstadt 98
70%
8 304 391 Chemnitzer FC
68%
20 188 276 FC Würzburger Kickers
67%
25 190 263 Kickers Offenbach
67%
34 152 209 SV Sandhausen
66%
44 114 130 FSV Mainz 05 II
64%
19 226 291 FSV Zwickau
63%
64 0 0 VfB Oldenburg
63%
58 38 38 Rot-Weiß Oberhausen
58%
47 74 95 SC Verl
58%
26 188 251 SV Meppen
57%
16 266 317 VfR Aalen
56%
43 114 137 KFC Uerdingen
55%
64 0 0 SpVgg Bayreuth
55%
48 76 83 Wuppertaler SV
52%
53 38 49 TuS Koblenz
44%
57 38 39 Rot Weiss Ahlen
42%
63 36 23 TSV Havelse
42%
22 228 268 SV Wacker Burghausen
39%
55 38 47 Türkgücü München
39%
21 228 275 SG Sonnenhof Großaspach
37%
46 114 127 SV Babelsberg 03
37%
45 114 128 VfL Sportfeunde Lotte
35%
60 38 35 VfB Lübeck
33%
52 38 59 BSV Kickers Emden
32%
Keine übereinstimmenden Quizze gefunden
Verteilung der Resultate
Anzahl Personen mit jedem Resultat
Perzentil nach korrekt beantworteten Fragen
Ihre Resultats-Entwicklung
Sie haben dieses Quiz seit der letzten Aktualisierung nicht gespielt